Topoľové lúčenie

Bibliographic Details
Main Author: Ďuríčková, Mária, 1919-2004 (Author)
Other Authors: Cpin, Peter (Illustrator)
Format: Article
Language:Slovak
ISSN:0139-911X
Subjects:

MARC

LEADER 00000nab a2200000 a 4500
001 vtls000566081
003 SK-MaSNL
005 20260303184150.0
008 201120c1995 xo 0 slo
015 |a SNBRB19rr/mm-uuuuu 
035 |a CL0566219 
040 |a SNKBUCL  |b slo  |c SNKBUCL  |e AACR2 
041 0 |a slo 
044 |a xo  |c SK 
080 |a 885.4-3(087.5)  |2 1981 
100 1 |a Ďuríčková, Mária,  |d 1919-2004  |4 aut  |9 200338 
245 1 0 |a Topoľové lúčenie  |c Mária Ďuríčková ; Ilustr. Peter Cpin 
650 0 7 |a miniatúry prozaické  |2 snkbucl  |9 893925 
655 7 |a články z novín a časopisov  |2 snkbucl  |9 267496 
655 7 |a články z odboru literárna veda a krásna literatúra  |2 snkbucl  |9 770045 
700 1 |a Cpin, Peter  |4 ill  |9 276697 
773 0 |t Slniečko  |g Roč. 50, č. 3 (1995), s. 23  |x 0139-911X 
850 |a Slovenská národná knižnica v Martine  |a MTA001 
852 |a SNK  |b KIS3GCP 
958 |a RK 
958 |a LX 
958 |a SK 
992 |a RBX 
999 |c 2125321  |d 2127251